MARC details
| 000 -CABECERA |
| campo de control de longitud fija |
01743nam a2200277 a 4500 |
| 001 - NÚMERO DE CONTROL |
| campo de control |
000017968 |
| 005 - FECHA Y HORA DE LA ÚLTIMA TRANSACCIÓN |
| campo de control |
20200929165310.0 |
| 008 - DATOS DE LONGITUD FIJA--INFORMACIÓN GENERAL |
| campo de control de longitud fija |
100408s1997 ne c 001 0cspa d |
| 020 ## - NÚMERO INTERNACIONAL ESTÁNDAR DEL LIBRO |
| Número Internacional Estándar del Libro |
9076076014 |
| 040 ## - FUENTE DE LA CATALOGACIÓN |
| Centro catalogador/agencia de origen |
DO-SdBNP |
| Lengua de catalogación |
spa |
| Centro/agencia transcriptor |
BNPHU |
| 082 ## - NÚMERO DE LA CLASIFICACIÓN DECIMAL DEWEY |
| Número de clasificación |
929.2 |
| Número de documento/Ítem |
E77v |
| 049 ## - FONDOS LOCALES (OCLC) |
| Fondos de biblioteca |
BNPD |
| 100 1# - ENTRADA PRINCIPAL--NOMBRE DE PERSONA |
| Nombre de persona |
Espinal Mota de Hoetink, Ligia, |
| Fechas asociadas al nombre |
1937- |
| 9 (RLIN) |
38960 |
| 245 10 - MENCIÓN DE TÍTULO |
| Título |
Vínculos : |
| Resto del título |
la rueda más hermosa, crónica de dos familias dominicanas en los albores del siglo veinte / |
| Mención de responsabilidad, etc. |
Ligia Espinal Mota. |
| 260 ## - PUBLICACIÓN, DISTRIBUCIÓN, ETC. |
| Lugar de publicación, distribución, etc. |
Bussum, Holanda : |
| Nombre del editor, distribuidor, etc. |
Firtst Hand, |
| Fecha de publicación, distribución, etc. |
1997. |
| 300 ## - DESCRIPCIÓN FÍSICA |
| Extensión |
83 p. : |
| Otras características físicas |
il., retrs. ; |
| Dimensiones |
25 cm. |
| 500 ## - NOTA GENERAL |
| Nota general |
Incluye datos biográficos de la autora en la contracubierta. |
| 505 0# - NOTA DE CONTENIDO CON FORMATO |
| Información miscelánea |
Prólogo -- |
| Título |
Esbozo del trabajo -- |
| -- |
Personas consultadas -- |
| -- |
Árbol genealógico Familia Espinal -- |
| -- |
Árbol genealógico Familia Santana -- |
| -- |
Cronología corta de sucesos nacionales -- |
| -- |
Trasfondo general -- |
| -- |
Esbozo familiar-nacional 1898 -- |
| -- |
Esbozo familiar-nacional 1899 -- |
| -- |
Esbozo familiar-nacional 1900 -- |
| -- |
Esbozo familiar-nacional 1901 -- |
| -- |
Esbozo familiar-nacional 1902 -- |
| -- |
Esbozo familiar-nacional 1903 -- |
| -- |
Actuaciones político-militares Gral E. Santana -- |
| -- |
Esbozo familiar-nacional 1904 -- |
| -- |
Punto y seguido: 1904-1925 -- |
| -- |
Dinero... su escasez -- |
| -- |
Los Penson -- |
| -- |
"Señora, que si Ud. quiere una muchachita! -- |
| -- |
Yo no creo en brujas, pero ..." |
| -- |
Vínculos - La rueda más hermosa -- |
| Información miscelánea |
Bibliografía -- |
| -- |
Anexos. |
| 504 ## - NOTA DE BIBLIOGRAFÍA, ETC. |
| Nota de bibliografía, etc. |
Incluye bibliografía y notas al pie de páginas. |
| 504 ## - NOTA DE BIBLIOGRAFÍA, ETC. |
| Nota de bibliografía, etc. |
Bibliografía : p. 82-83. |
| 600 14 - PUNTO DE ACCESO ADICIONAL DE MATERIA--NOMBRE DE PERSONA |
| Nombre de persona |
ESPINAL (FAMILIA) |
| Subdivisión general |
GENEALOGÍA |
| 9 (RLIN) |
38961 |
| 600 14 - PUNTO DE ACCESO ADICIONAL DE MATERIA--NOMBRE DE PERSONA |
| Nombre de persona |
SANTANA (FAMILIA) |
| Subdivisión general |
GENEALOGÍA |
| 9 (RLIN) |
38962 |
| 650 #4 - PUNTO DE ACCESO ADICIONAL DE MATERIA--TÉRMINO DE MATERIA |
| Término de materia o nombre geográfico como elemento de entrada |
Parentesco |
| 9 (RLIN) |
2156 |
| 651 #4 - PUNTO DE ACCESO ADICIONAL DE MATERIA--NOMBRE GEOGRÁFICO |
| Nombre geográfico |
República Dominicana |
| Subdivisión general |
Genealogía |
| 9 (RLIN) |
2157 |
| 910 ## - DATOS DE OPCIÓN DEL USUARIO (OCLC) |
| Datos de opción del usuario |
Validado. Control de calidad EMS. |